Dune Actors By Picture - Statistics

General Stats
  • This quiz has been taken 248 times
  • The average score is 9 of 16
Answer Stats
Picture Answer % Correct
Zendaya
96%
Timothee Chalamet
91%
Jason Momoa
87%
Oscar Isaac
79%
Josh Brolin
68%
Dave Bautista
67%
Javier Bardem
62%
Stellan Skarsgard
59%
Patrick Stewart
53%
Sting
51%
Rebecca Ferguson
50%
James McAvoy
41%
Susan Sarandon
27%
Max von Sydow
19%
William Hurt
17%
Dean Stockwell
7%
No matching quizzes found
Score Distribution
Percent of People with Each Score
Percentile by Number Answered
Your Score History
You have not taken this quiz